000 00281nam a22001337a 4500
008 170511b xxu||||| |||| 00| 0 eng d
020 _a0290402
041 _aeng
080 _a34
100 _a15
101 _aSHJ
245 _aKNOW YOUR RIGHT
_cMEE..R.CH
942 _2udc
_cBK
999 _c13138
_d13138